Statistics for Countrie closest to united states of america a-z

Click here to take the quiz!

General Stats

  • This quiz has been taken 19 times
  • The average score is 21 of 24

Answer Stats

HintAnswer% Correct
ccanada
100%
bbahamas
94%
ddominican republic
94%
hhaiti
94%
jjamaica
94%
vvenezuela
94%
yyemen
94%
zzambia
94%
ffrance/french guinea
89%
kkiribati
89%
mmexico
89%
nnicaragua
89%
ooman
89%
qqatar
89%
uunited kingdom/uruguay
89%
gguatemala
83%
ppanama
83%
rrussia
83%
aantigua and barbuda
78%
eel salvador
78%
iireland
78%
ssaint kitts
78%
ttrinidad and tobago
78%
lliberia/luxembourg
61%

Score Distribution

Percentile by Number Answered

Percent of People with Each Score

Your Score History

You have not taken this quiz